Conceptual physics

Сохранить в:
Библиографические подробности
Главный автор: Hewitt, Paul G (Автор)
Формат:
Язык:английский
Опубликовано: Reading Addison-Wesley 1997
Редактирование:3a. ed
Предметы:
Метки: Добавить метку
Нет меток, Требуется 1-ая метка записи!

MARC

LEADER 00000nam a2200000 a 4500
001 UCP6854
003 CL-VaPUC
008 991119e19970000US |||||||||||||||||eng|d
082 0 4 |a 530  |b HEW  |2 21 
100 |a Hewitt, Paul G  |e author  |9 529586 
245 1 0 |a Conceptual physics 
250 |a 3a. ed 
300 |a 692 p 
942 |c BK 
945 |d 19991119 00:00:00  |a vberengu 
260 |a Reading  |b Addison-Wesley  |c 1997 
650 0 |a Calor  |9 260253 
650 0 |a Electricidad  |9 260222 
650 0 |a Física   |9 227844 
650 7 |a FISICA ATOMICA  |2 CL-VaPUC  |9 346166 
650 7 |a FISICA NUCLEAR  |2 CL-VaPUC  |9 270366 
650 0 |a Luz  |9 263172 
650 0 |a Magnetismo  |9 260336 
650 0 |a Mecánica   |9 260096 
583 |a last modification  |c 20180314 14:49:20  |k Rodrigo Vera 
999 |c 284279  |d 284277 
952 |0 0  |1 0  |4 0  |6 530_000000000000000_HEW_1997  |7 0  |8 P  |9 328147  |a BIBARQ  |b BIBARQ  |d 2019-11-20  |i 3576809  |o 530 HEW 1997  |p 3576809  |r 2025-01-20  |w 2019-11-20  |y BK  |k ARQ 
952 |0 0  |1 0  |4 0  |6 530_000000000000000_HEW_1997  |7 0  |8 P  |9 328148  |a BIBARQ  |b BIBARQ  |d 2019-11-20  |i 3576817  |o 530 HEW 1997  |p 3576817  |r 2025-01-20  |w 2019-11-20  |y BK  |k ARQ